Music Quiz

Random Music or Album Quiz
Score 0/40 Timer 10:00
0 Plays Today
Rank - Title - Year Artist % Correct
3. Sgt Pepper's Lonely Hearts Club Band (1967)The Beatles
97.4%
24. 1 (2000)The Beatles
97.4%
6. Thriller (1982)Michael Jackson
96.8%
9. Bad (1987)Michael Jackson
96.8%
7. The Dark Side Of The Moon (1973)Pink Floyd
86.8%
35. The Joshua Tree (1987)U2
83.1%
28. Spice (1996)Spice Girls
82.5%
19. Bat Out Of Hell (1977)Meat Loaf
81.2%
5. What's The Story Morning Glory (1995)Oasis
79%
20. Bridge Over Troubled Water (1970)Simon & Garfunkel
78.6%
4. 21 (2011)Adele
78.3%
12. Rumours (1977)Fleetwood Mac
77.5%
13. Back To Black (2006)Amy Winehouse
70.8%
31. A Rush Of Blood To The Head (2002)Coldplay
68%
38. X&Y (2005)Coldplay
68%
36. Scissor Sisters (2004)Scissor Sisters
67.3%
11. The Immaculate Collection (1990)Madonna
67.2%
1. Greatest Hits (1981)Queen
63.6%
10. Greatest Hits II (1991)Queen
63.6%
8. Brothers In Arms (1985)Dire Straits
61.3%
Rank - Title - Year Artist % Correct
2. Gold - Greatest Hits (1992)ABBA
56.2%
40. Jagged Little Pill (1995)Alanis Morissette
56.1%
17. Urban Hymns (1997)The Verve
42.3%
18. Legend (1984)Bob Marley & The Wailers
39.3%
29. The Fame (2008)Lady Gaga
37.2%
23. No Angel (2000)Dido
35.1%
30. Life For Rent (2003)Dido
35.1%
37. But Seriously (1989)Phil Collins
33.6%
16. Back To Bedlam (2004)James Blunt
32.9%
14. Stars (1991)Simply Red
32.1%
15. Come On Over (1997)Shania Twain
29.7%
32. Beautiful World (2006)Take That
27.3%
26. White Ladder (1998)David Gray
27%
34. Hopes And Fears (2004)Keane
24%
22. Soundtrack of this film (1987)Dirty Dancing
22.4%
33. Only By The Night (2008)Kings Of Leon
19.9%
39. The War Of The Worlds (1978)Jeff Wayne
18%
21. Spirit (2007)Leona Lewis
14.1%
27. Talk On Corners (1997)The Corrs
13.9%
25. Crazy Love (2009)Michael Bublé
9.8%
Remove Ads.
Support Sporcle.
Get the best of Sporcle when you Go Orange. This ad-free experience offers more features, more stats, and more fun while also helping to support Sporcle. Thank you for becoming a member.

You're not logged in!

Compare scores with friends on all Sporcle quizzes.
OR
Log In

Show Comments

Extras

Top Quizzes Today


Score Distribution

Your Account Isn't Verified!

In order to create a playlist on Sporcle, you need to verify the email address you used during registration. Go to your Sporcle Settings to finish the process.

Report this User

Report this user for behavior that violates our Community Guidelines.

Details: